Top grossing films by year (world wide, rounded up) - Statistics

General Stats
  • This quiz has been taken 10 times
  • The average score is 4 of 11
Answer Stats
Time and money Movie % Correct
2009 $2.8 Billion Avatar
100%
1997 $1.8 Billion! Titanic
88%
1993 $980 Million Jurassic Park
50%
2003 $1.1 Billion The Lord of the Rings: The Return of the King
50%
1992 $346 Million Aladdin
25%
1990 $285 million Home Alone
25%
2007 960 Million Pirates of the Caribbean: At World's End
25%
1991 $248 Million Beauty and the Beast
13%
2001$ 1 billion Harry Potter and the Sorcerer's Stone
13%
2000 $546 Million Mission: Impossible II
13%
2002 $933 Million The Lord of the Rings: The Two Towers
13%
No matching quizzes found
Score Distribution
Percent of People with Each Score
Percentile by Number Answered
Your Score History
You have not taken this quiz